50 Islas más grandes de Europa - Estadísticas

Estadísticas generales
  • Esta prueba ha sido intentada 169 veces
  • La puntuación promedio es 9 de 50
Estadísticas de respuestas
Tamaño País Isla % Correcto
81.638 Irlanda Reino Unido Irlanda
93%
101.826 Islandia Islandia
93%
25.662 Italia Sicilia
89%
3.667 España Mallorca
86%
23.949 Italia Cerdeña
85%
209.331 Reino Unido Gran Bretaña
85%
8.741 Francia Córcega
82%
8.261 Grecia Creta
77%
1.398 Grecia Rodas
35%
1.630 Grecia Isla de Lesbos
28%
1.010 Finlandia Fasta Åland
23%
7.180 Dinamarca Selandia (Sjælland)
17%
3.665 Grecia Eubea
12%
38.981 Noruega Spitsbergen
9%
47.079 Rusia Isla Séverny
8%
2.672 Estonia Saaremaa
7%
1.656 Reino Unido Isla de Skye
6%
754 Portugal Isla São Miguel
6%
926 Alemania Rügen
6%
3.012 Dinamarca Fionia (Funen)
5%
989 Estonia Hiiumaa
5%
842 Grecia Chios
4%
969 Reino Unido Isla Mainland
4%
33.246 Rusia Isla Yuzhny
4%
2.179 Reino Unido Lewis y Harris
4%
1.342 Suecia Öland
4%
781 Grecia Cefalonia
3%
1.243 Dinamarca Lolland
3%
714 Reino Unido Anglesey (Ynys Mon)
2%
4.940 Noruega Edgeøya
2%
1.049 Rusia Gallya (Isla Hall)
2%
1.288 Noruega Isla de Barents
2%
850 Noruega Langøya
2%
2.821 Rusia Tierra de Jorge
2%
2.198 Noruega Hinnøya
1%
875 Reino Unido Isla de Mull
1%
1.557 Rusia Isla Graham Bell
1%
4.968 Rusia Isla Kolgúyev
1%
960 Rusia Isla Salisbury
1%
737 Noruega Kvaløya (Tromsø)
1%
1.069 Finlandia Sääminginsalo
1%
1.586 Noruega Senja
1%
811 Noruega Sørøya
1%
1.095 Rusia Tierra de Alexandra
1%
2.203 Rusia Tierra de Wilczek
1%
4.685 Dinamarca Vendyssel-Thy
1%
970 Países Bajos Flevopolder
0%
3.027 Suecia Isla de Gotland
0%
3.329 Rusia Isla Veygach
0%
14.247 Noruega Nordaustlandest
0%
No se encontraron pruebas coincidentes
Distribución de puntuación
Porcentaje de gente con cada puntuación
Porcentaje por número respondido
Historial de tus puntuaciones
No has intentado esta prueba.